000 00528nam a2200205Ia 4500
003 0100
008 130303s9999 xx 000 0 und d
040 _cARRUPELIB
050 _aBL241.G62
245 _aGod's action in nature's world
245 _bessays in honour of Robert John Russell
260 _aAldershot
260 _bAshgate
260 _C2006
300 _a246p.
300 _b 23 cm
440 _aAshgate science and religion series
700 _aPeters, Ted ; Hallanger, Nathan (ed.)
942 _2lcc
_01
999 _c67311
_d67311